Ο Βενιαμίν Λέσβιος και η ευρωπαϊκή σκέψη του δέκατου ογδόου αιώνα

Αποθηκεύτηκε σε:
Λεπτομέρειες βιβλιογραφικής εγγραφής
Κύριος συγγραφέας: Αργυροπούλου, Ρωξάνη Δ.
Συγγραφή απο Οργανισμό/Αρχή: Εθνικό Ιδρυμα Ερευνών. Ινστιτούτο Νεοελληνικών Ερευνών
Μορφή: Βιβλίο
Γλώσσα:Greek
Δημοσίευση: Αθήνα : Κέντρο Νεοελληνικών Ερευνών Εθνικού Ιδρύματος Ερευνών, 2003
Σειρά:Κέντρο Νεοελληνικών Ερευνών E.I.E. (Σειρές) ; 83
Βιβλιοθήκη ιστορίας των ιδεών ; ; 2
Θέματα:
Ετικέτες: Προσθήκη ετικέτας
Δεν υπάρχουν, Καταχωρήστε ετικέτα πρώτοι!

MARC

LEADER 00000cam a2200000 i 4500
001 1/57235
008 071008s2003 gr | ||| |||| ||gre||
020 |a 9607916271 
035 |l 10091283 
040 |a GR-MY-UA  |b gre  |e aacr 
041 0 |a gre  |b fre 
082 0 |a 938.482  |2 (22) 
100 1 |a Αργυροπούλου, Ρωξάνη Δ. 
245 1 2 |a Ο Βενιαμίν Λέσβιος και η ευρωπαϊκή σκέψη του δέκατου ογδόου αιώνα /  |c Ρωξάνη Δ. Αργυροπούλου 
260 |a Αθήνα :   |b Κέντρο Νεοελληνικών Ερευνών Εθνικού Ιδρύματος Ερευνών,   |c 2003 
300 |a 326 σ.;  |b εικ.;  |c 25 εκ. 
490 1 |a Κέντρο Νεοελληνικών Ερευνών Εθνικού Ιδρύματος Ερευνών  |v ; 83 
490 1 |a Βιβλιοθήκη Ιστορία των ιδεών  |v ; 2 
500 |a Περίληψη στα γαλλικά 
504 |a Βιβλιογραφία: σ. 279-308 
504 |a Ευρετήριο: σ. 311-326 
600 0 0 |a Βενιαμίν ο Λέσβιος,   |d 1762-1824. 
650 0 0 |a Philosophy, European  |x History  |y 18th century. 
650 0 0 |a Enlightenment  |z Greece. 
651 0 |a Europe  |x Intellectual life  |y 18th century. 
710 2 |a Εθνικό Ιδρυμα Ερευνών.   |b Ινστιτούτο Νεοελληνικών Ερευνών. 
830 0 |a Κέντρο Νεοελληνικών Ερευνών E.I.E. (Σειρές)  |v ; 83 
830 0 |a Βιβλιοθήκη ιστορίας των ιδεών ;  |v ; 2 
852 |a INST  |b LESVOS  |e 20071008  |h 938.482 ΑΡΓ  |p 005100041027  |q 005100041027  |t BK  |y 0 
901 |a BIBL1-2007-3 
909 |a Λ  |b 139065 
922 |a 1ΕΛΗ  |b 200708  |c ΕΠΕΑΕΚ2/ΤΚΑ  |d Σ. ΠΑΤΑΚΗΣ 
970 |a ΚΑΡΑ  |b ΓΙΑΣΕΜΗ  |z 2007/10/08